<?xml version="1.0" encoding="UTF-8"?>
<record
    xmlns:xsi="http://www.w3.org/2001/XMLSchema-instance"
    xsi:schemaLocation="http://www.loc.gov/MARC21/slim http://www.loc.gov/standards/marcxml/schema/MARC21slim.xsd"
    xmlns="http://www.loc.gov/MARC21/slim">

  <leader>02037nam a2200253 i 4500</leader>
  <controlfield tag="003">DO-SdBNP</controlfield>
  <controlfield tag="005">20250909091243.0</controlfield>
  <controlfield tag="007">ta</controlfield>
  <controlfield tag="008">250502b2000    dr a|||| |||| 00| 0 spa d</controlfield>
  <datafield tag="040" ind1=" " ind2=" ">
    <subfield code="a">DO-SdBNP</subfield>
    <subfield code="b">spa</subfield>
    <subfield code="c">BNPHU</subfield>
    <subfield code="e">rda</subfield>
  </datafield>
  <datafield tag="041" ind1=" " ind2=" ">
    <subfield code="a">spa</subfield>
  </datafield>
  <datafield tag="082" ind1=" " ind2="4">
    <subfield code="2">22</subfield>
    <subfield code="a">xxx</subfield>
    <subfield code="b">xxx</subfield>
  </datafield>
  <datafield tag="110" ind1="2" ind2=" ">
    <subfield code="a">Agencia Espa&#xF1;ola de Cooperaci&#xF3;n Internacional</subfield>
    <subfield code="9">34585</subfield>
  </datafield>
  <datafield tag="245" ind1="1" ind2="0">
    <subfield code="a">Hoja de ruta para hacer de Rep&#xFA;blica Dominicana un pa&#xED;s libre de trabajo infantil y sus peores formas </subfield>
  </datafield>
  <datafield tag="264" ind1=" " ind2=" ">
    <subfield code="a">[Lugar de publicaci&#xF3;n no identificado] :</subfield>
    <subfield code="b">Comit&#xE9; Directivo Nacional de Lucha Contra el Trabajo Infantil, </subfield>
    <subfield code="b">ILO International Programme on the Elimination of Child Labour,  </subfield>
    <subfield code="c">[fecha de publicaci&#xF3;n no identificada]</subfield>
  </datafield>
  <datafield tag="300" ind1=" " ind2=" ">
    <subfield code="a">120 paginas :</subfield>
    <subfield code="b">ilustraciones ;</subfield>
    <subfield code="c">24cm. </subfield>
  </datafield>
  <datafield tag="336" ind1=" " ind2=" ">
    <subfield code="a">texto</subfield>
    <subfield code="b">txt</subfield>
    <subfield code="2">rdacontent</subfield>
  </datafield>
  <datafield tag="337" ind1=" " ind2=" ">
    <subfield code="a">sin mediaci&#xF3;n </subfield>
    <subfield code="b">n</subfield>
    <subfield code="2">rdamedia</subfield>
  </datafield>
  <datafield tag="338" ind1=" " ind2=" ">
    <subfield code="a">volumen</subfield>
    <subfield code="b">nc</subfield>
    <subfield code="2">rdacarrier</subfield>
  </datafield>
  <datafield tag="500" ind1=" " ind2=" ">
    <subfield code="a">Proyecto "Fomento de una cultura de cumplimiento en materia laboral" No. ATN/SF-10219-RG. Componente "Desarrollo de una Hoja de Ruta para hacer de Centroam&#xE9;rica, Panam&#xE1; y Rep&#xFA;blica Dominicana una Zona Libre de Trabajo Infantil. Etapa 1</subfield>
  </datafield>
  <datafield tag="505" ind1=" " ind2=" ">
    <subfield code="a">Siglas --</subfield>
    <subfield code="t">Resumen ejecutivo --</subfield>
    <subfield code="t">Cap&#xED;tulo 1. Introducci&#xF3;n --</subfield>
    <subfield code="t">Cap&#xED;tulo 2. Dimensi&#xF3;n de impacto: lucha contra la promesa y trabajo infantil --</subfield>
    <subfield code="t">Cap&#xED;tulo 3. Dimensi&#xF3;n de impacto: Pol&#xED;tica de salud y trabajo infantil --</subfield>
    <subfield code="t">Cap&#xED;tulo 4. Dimensi&#xF3;n de impacto: Pol&#xED;tica educativa y el trabajo infantil --</subfield>
    <subfield code="t">Cap&#xED;tulo 5. Dimensi&#xF3;n de impacto: Marco normativo e institucional protecci&#xF3;n de derechos --</subfield>
    <subfield code="t">Marco institucional: Fortalecimiento de la capacidad de los actores con responsabilidad directa --</subfield>
    <subfield code="t">Cap&#xED;tulo 6. Dimensi&#xF3;n de impacto: Sensibilizaci&#xF3;n y movilizaci&#xF3;n social --</subfield>
    <subfield code="t">Cap&#xED;tulo 7. Dimensi&#xF3;n de impacto: Generaci&#xF3;n de conocimiento y mecanismos de seguimiento a las pol&#xED;ticas con incidencia en la lucha contra el trabajo infantil y sus peores formas --</subfield>
    <subfield code="t">Cap&#xED;tulo 8. Mecanismo de seguimiento, monitoreo y evoluci&#xF3;n para la hija de ruta.</subfield>
  </datafield>
  <datafield tag="910" ind1=" " ind2=" ">
    <subfield code="a">LP</subfield>
  </datafield>
  <datafield tag="942" ind1=" " ind2=" ">
    <subfield code="2">ddc</subfield>
    <subfield code="c">LBS1</subfield>
  </datafield>
  <datafield tag="952" ind1=" " ind2=" ">
    <subfield code="0">0</subfield>
    <subfield code="1">0</subfield>
    <subfield code="2">ddc</subfield>
    <subfield code="5">1</subfield>
    <subfield code="7">0</subfield>
    <subfield code="8">PD</subfield>
    <subfield code="a">BNPHU</subfield>
    <subfield code="b">BNPHU</subfield>
    <subfield code="c">CT</subfield>
    <subfield code="d">2019-04-12</subfield>
    <subfield code="e">Donado por Confederaci&#xF3;n Patronal de la Rep&#xFA;blica Dominicana</subfield>
    <subfield code="l">0</subfield>
    <subfield code="o">xxx xxx</subfield>
    <subfield code="p">2025-3946</subfield>
    <subfield code="r">2025-05-02</subfield>
    <subfield code="w">2025-05-02</subfield>
    <subfield code="y">LBS1</subfield>
  </datafield>
  <datafield tag="999" ind1=" " ind2=" ">
    <subfield code="c">58917</subfield>
    <subfield code="d">58917</subfield>
  </datafield>
</record>
